Entry Nombre personal
001 - NÚMERO DE CONTROL
- campo de control: 71637
003 - IDENTIFICADOR DE NÚMERO DE CONTROL
- campo de control: SpMaBN
005 - FECHA Y HORA DE LA ÚLTIMA TRANSACCIÓN
- campo de control: 20250730063448.0
008 - ELEMENTOS DE DATO DE LONGITUD-FIJA
- campo de control de longitud fija: 901120nn aijnnaabn a aaa
016 ## - NÚMERO DE CONTROL DE UNA AGENCIA BIBLIOGRÁFICA NACIONAL
- Número de control del registro: BNE19900087476
024 7# - IDENTIFICADOR DE OTROS ESTÁNDARES
- Número estándar o código: http://viaf.org/viaf/109396473/
- Fuente: viaf
024 8# - IDENTIFICADOR DE OTROS ESTÁNDARES
- Número estándar o código: http://www.larramendi.es/aut/POLI20090017368
024 8# - IDENTIFICADOR DE OTROS ESTÁNDARES
- Número estándar o código: https://data.cervantesvirtual.com/person/6901
024 7# - IDENTIFICADOR DE OTROS ESTÁNDARES
- Número estándar o código: https://isni.org/isni/0000000121473569
- Fuente: isni
024 7# - IDENTIFICADOR DE OTROS ESTÁNDARES
- Número estándar o código: http://www.wikidata.org/entity/Q2449906
- Fuente: wikidata
040 ## - FUENTE DE CATALOGACIÓN
- Centro catalogador/agencia de origen: SpMaBN
- Lengua de catalogación: spa
- Centro/agencia transcriptor: SpMaBN
- Normas de descripción: rdc
- Convención/Normas de encabezamiento de materia/tesauro: embne
100 1# - ENCABEZAMIENTO-NOMBRE DE PERSONA
- Nombre de persona: León-Portilla, Miguel
370 ## - LUGAR ASOCIADO
- Lugar de nacimiento: Ciudad de México
- Número de control del registro de autoridad o número normalizado: XX450654
- Fuente de información: Wikidata
373 ## - GRUPO ASOCIADO
- Grupo asociado: Academia Mexicana de la Historia
- Grupo asociado: Academia Mexicana de la Lengua
- Grupo asociado: El Colegio Nacional
- Grupo asociado: Academia Nacional de Ciencias
- Fuente de información: Wikidata
374 ## - OCUPACIÓN
- Ocupación: Diplomáticos
- Ocupación: Historiadores
- Ocupación: Antropólogos
- Fuente de información: Wikidata
375 ## - GÉNERO/SEXO
- Género: Masculino
377 ## - IDIOMA ASOCIADO
- Término de lengua/lenguaje: Español
400 1# - TRAZADO DE VÉASE--NOMBRE DE PERSONA
- Nombre de persona: León Portilla, Miguel
400 1# - TRAZADO DE VÉASE--NOMBRE DE PERSONA
- Nombre de persona: Portilla, Miguel León
670 ## - FUENTE DE DATOS ENCONTRADOS
- Cita de la fuente: Literaturas indígenas de México, 1991
- Información encontrada: port. (Miguel León-Portilla)
670 ## - FUENTE DE DATOS ENCONTRADOS
- Cita de la fuente: Arte de la lengua mexicana, de fray Andrés de Olmos, 1993
- Información encontrada: v. 1 port. (edición y estudio introductorio, transliteración y notas de Ascensión y Miguel León-Portilla) p. 1 de la cub. (Miguel León Portilla)
